00637 2200229 4500001002100000005001500021020002200036035002400058040001200082082001600094084002000110090002000130100003300150245006600183250001600249260003700265300003100302500002900333650001100362850001200373990002200385YOGYA00000000009878620140823122935 a978-979-756-882-5 0010-021400000000298 aYOPDYOG 2[22]a320.1 aDEP 320.1 Sur N aDEP 320.1 Sur N aSuryo Sakti Hadiwijoyo, 1975 aNegara, Demokrasi dan Civil Society/bSuryo Sakti Hardiwijoyo aEd.1, Cet 1 aYogyakarta.:bGraha Ilmu.:c2012 ax, 123 hlm.:bilus.:c26cm aBibliografi: hlm 122-123 aNegara aYOPDYOG aCB-D.11.2012-1992